000
00315 a2200157 4500
001
59061
020
_a
8571960089
040
_c
Anchieta - Pituba
100
_a
Estrela, Raimundo
240
1
0
_a
Pau-de-colher
_l
Esp
245
1
0
_a
Pau-de-colher
300
_a
280
362
0
_a
1998
650
4
_a
Bahia
942
_c
BK
999
_c
59061
_d
59061